000 00959nam a2200289Ia 4500
003 OSt
005 20221007125051.0
006 a|||||r|||| 00| 0
007 ta
008 221006b |||||||| |||| 00| 0 eng d
020 _a012274120X (hbd)
_c
_ 64.50
024 _a3071
037 _bApple,
_cTextual
040 _aCDL
_cCDL
_beng
041 _2eng
_aeng
082 _aLZ3:(E), N3
100 _aGanellin C R Ed
_9721453
245 0 _aMedicinal chemistry ed by C R Ganellin and S M Roberts
_b Roberts S M
250 _aEd 2
260 _aLondon
_bAcademic Press
_c1993
300 _a302p
_ccm.
500 _a^mPurchase^n23/CSL/Carc/94-95/2387^d1995-02-02; ; 94-95/642^b1995-03-06^c221/94-95^d1995-02-21^eApple Books; ; 1995-03-13^bSB
650 _aPharmaceutical Chemistry
_9200028
700 _a Roberts S M
_9721454
942 _hLZ3:(E), N3
_cTEXL
_2CC
999 _c1214602
_d1214602